| 000 -LEADER |
| fixed length control field |
00511cam a22001811 4500 |
| 005 - DATE AND TIME OF LATEST TRANSACTION |
| control field |
20131009041444.0 |
| 008 - FIXED-LENGTH DATA ELEMENTS--GENERAL INFORMATION |
| fixed length control field |
740909s1973 xx 000 0 ger |
| 041 0# - LANGUAGE CODE |
| Language code of text/sound track or separate title |
ger |
| 080 ## - UNIVERSAL DECIMAL CLASSIFICATION NUMBER |
| Universal Decimal Classification number |
007 |
| 100 1# - Rafti |
| Rafti |
Klaus, Georg. |
| 245 10 - TITLE STATEMENT |
| Title |
Kybernetik und Gesellschaft. |
| 250 ## - |
| -- |
3., bearbeitete und erweiterte Auflage |
| 260 ## - |
| -- |
Berlin, |
| -- |
Deutscher Verlag der Wissenschaften, |
| -- |
1973 [c1964] |
| 300 ## - |
| -- |
414 p. |
| -- |
illus. |
| -- |
22 cm. |
| 504 ## - BIBLIOGRAPHY, ETC. NOTE |
| Bibliography, etc |
Bibliography: p. 411-412. |
| 650 #0 - |
| -- |
Kibernetika |
| 942 ## - ADDED ENTRY ELEMENTS (KOHA) |
| Source of classification or shelving scheme |
|
| Item type |
Books |